000 00884nam a22002297a 4500
003 OSt
005 20260302083127.0
008 260302b |||||||| |||| 00| 0 eng d
020 _a9781338088601
040 _aDWCL GS lib
_cOC
082 _aFic. S856m 2017
100 _aStilton, Geronimo
245 _aSPACE Mice :
_bPIRATE SPACECAT ATTACK /
_cGeronimo Stilton
260 _aNew York
_bScholastic Inc.
_cc2017.
300 _avii, 114 pages:
_billustrations
_c21cm.
520 _aGeronimo Stiltonix takes MouseStar 1's broken computer to a distant planet to be repaired by a brilliant inventor, but pirate spacecats attack and steal the device, and the spacemice must retrieve it before the machine can be turned against them
546 _aEnglish
650 _achildren's science fiction
650 _aadventure
700 _aGeronimo Stilton
942 _2ddc
_cFIC.
_hFic.
_n0
999 _c8592
_d8592